| 000 | 01034nam0a2200265 4500 | ||
|---|---|---|---|
| 001 | RU\NLR\ONL1\22124 | ||
| 005 | 20260406161645.0 | ||
| 035 | _a(NLR Aleph) 010207845 | ||
| 090 |
_a10260788 _c10260788 |
||
| 100 | _a20130213d1946 |||y0rusy50 ca | ||
| 101 | 0 | _apem | |
| 102 | _aRU | ||
| 105 | _ay ||||||||| | ||
| 200 | 1 |
_aПетр Первый _fпроф. В. Мавродин |
|
| 210 |
_aКудымкар _cКомипермгиз _d1946 |
||
| 215 |
_a36 с. _d15 |
||
| 600 | 0 | 0 |
_aПетр _cимператор российский _dI _f1672 - 1725 _xВоенно-политические взгляды _92626387 _3RU\NLR\auth\661562947 |
| 686 | 1 | _aЦ4,6(2)243.8 | |
| 700 | 1 |
_4070 _aМавродин _bВ. В. _f1908-1987 _gВладимир Васильевич _3RU\NLR\auth\77115367 _998292 |
|
| 702 | 0 |
_4570 _8rus _7ca _aПетр _cимператор российский _dI _f1672-1725 _3RU\NLR\auth\778862 _9118743 |
|
| 801 | 0 |
_aRU _bNLR _c20130213 _gPSBO |
|
| 852 |
_aNLR _bОНЛ _jКоми-п./1-75 |
||
| 942 | _cBOOK | ||
| 980 | _aNB | ||